Southville International School and Colleges
Your cart is empty.
  • Cart
  • Lists
    Public lists Eva Luna New books Lux_list list_1
    Your lists Log in to create your own lists
  • Log in to your account
  • Your cookies
  • Search history
Southville International School and Colleges
  • Advanced search
  • Recent comments
  • Most popular
  • Libraries

Log in to your account

Log in with GOOGLE


If you do not have an external account, but do have a local account, you can still log in:

  1. Home
  2. MARC view: Italian-English, English-Italian dictionary /
Normal view MARC view ISBD view

Italian-English, English-Italian dictionary / (Record no. 363374)

[ view plain ]
MARC details
000 -LEADER
fixed length control field 00511nam a2200181Ia 4500
008 - FIXED-LENGTH DATA ELEMENTS--GENERAL INFORMATION
fixed length control field 200601s9999 xx 000 0 und d
020 ## - INTERNATIONAL STANDARD BOOK NUMBER
International Standard Book Number 1-85534-335-5
050 ## - LIBRARY OF CONGRESS CALL NUMBER
Classification number REF PC 1640
050 ## - LIBRARY OF CONGRESS CALL NUMBER
Item number .I83 1998
245 #0 - TITLE STATEMENT
Title Italian-English, English-Italian dictionary /
260 ## - PUBLICATION, DISTRIBUTION, ETC. (IMPRINT)
Place of publication, distribution, etc Scotland :
260 ## - PUBLICATION, DISTRIBUTION, ETC. (IMPRINT)
Name of publisher, distributor, etc Gedde & Grosset.
260 ## - PUBLICATION, DISTRIBUTION, ETC. (IMPRINT)
Date of publication, distribution, etc 2003
300 ## - PHYSICAL DESCRIPTION
Extent 239 pages :
300 ## - PHYSICAL DESCRIPTION
Dimensions 15 cm.
650 ## - SUBJECT ADDED ENTRY--TOPICAL TERM
Topical term or geographic name as entry element Italian language -- Dictionaries -- English.
650 ## - SUBJECT ADDED ENTRY--TOPICAL TERM
General subdivision English language -- Dictionaries -- Italian.
Holdings
Withdrawn status Lost status Damaged status Home library Current library Shelving location Date acquired Total Checkouts Full call number Barcode Date last seen Price effective from Koha item type
      South Mansfield College South Mansfield College Reference Section 06/01/2020   REF PC 1640 .I83 1998 SMC03636 06/01/2020 06/01/2020 Books

Italian-English, English-Italian dictionary /

APA

Italian-English, English-Italian dictionary. Scotland: .

Chicago

Italian-English, English-Italian dictionary. Scotland: .

Harvard

Italian-English, English-Italian dictionary. Scotland: .

MLA

Scotland: . .

  • Place hold
  • Print
  • Cite
  • Add to your cart (remove)
  • Save record
    BIBTEX Dublin Core MARCXML MARC (non-Unicode/MARC-8) MARC (Unicode/UTF-8) MARC (Unicode/UTF-8, Standard) MODS (XML) RIS
  • More searches
    Search for this title in:
    Other Libraries (WorldCat) Other Databases (Google Scholar) Online Stores (Bookfinder.com) Open Library (openlibrary.org)

Exporting to Dublin Core...

SOUTHVILLE LIBRARY

Southville International School and Colleges Library

1281 Tropical Ave. Cor. Luxembourg St., BF Homes International, Las Pinas City

Tel. No. 8256374 / 252358 Loc. 117/146

Powered by Koha